Estatísticas para Famosos Chamados 'José'

Clique aqui para jogar o quiz

Estatísticas Gerais

  • Esse quiz foi jogado 51 vezes
  • A pontuação média é 3 de 17

Estatísticas das Respostas

#Famoso José% Correto
Treinador de FutebolJosé Mourinho
73%
Nobel da Literatura 1998José Saramago
63%
Ator BrasileiroJosé Wilker
35%
Ator BrasileiroJosé Mayer
33%
Socialite PortuguêsJosé Castelo Branco
25%
Ex-Primeiro Ministro de PortugalJosé Socrates
25%
Cantor/compositorJosé Cid
20%
Apresentador de TVJosé Carlos Malato
13%
Ator PortuguêsJosé Fidalgo
10%
Militar PortuguêsFernando José Salgueiro Maia
8%
Apresentador de TVJosé Pedro Vasconcelos
8%
Apresentador de TVHerman José
5%
Ator PortuguêsJosé Carlos Pereira
5%
Ator PortuguêsJosé Mata
5%
Escritor séc.XXJosé Régio
5%
Cantor/compositorZeca Afonso
5%
GuitarristaZé Pedro
5%

Distribuição das Pontuações

Percentil de Números Respondidos

Porcentagem de Pessoas com Cada Pontuação

Sua Pontuação Histórica

Você não jogou esse quiz